Austria FIFA World Cup Players - Statistics

General Stats
  • This quiz has been taken 13 times
  • The average score is 37 of 93
Answer Stats
Die Burschen % Correct
Andreas Herzog
92%
Hans Krankl
92%
Toni Polster
83%
Andreas Ogris
75%
Ivica Vastić
75%
Bruno Pezzey
67%
Ernst Happel
67%
Herbert Prohaska
67%
Mario Haas
67%
Walter Schachner
67%
Franz Wagner
58%
Friedrich Koncilia
58%
Gerhard Hanappi
58%
Josef Hickersberger
58%
Kurt Schmied
58%
Michael Konsel
58%
Peter Schöttel
58%
Peter Stöger
58%
Roman Mählich
58%
Theodor Wagner
58%
Alfred Körner
50%
Anton Pfeffer
50%
Ernst Aigner
50%
Ernst Ocwirk
50%
Ernst Stojaspal
50%
Franz Oberacher
50%
Gerhard Rodax
50%
Günther Happich
50%
Hans Buzek
50%
Hans Pirkner
50%
Heimo Pfeifenberger
50%
Helmut Senekowitsch
50%
Karl Sesta
50%
Klaus Lindenberger
50%
Kurt Jara
50%
Kurt Russ
50%
Kurt Welzl
50%
Matthias Sindelar
50%
Peter Artner
50%
Robert Körner
50%
Roland Hattenberger
50%
Walter Zeman
50%
Wolfgang Feiersinger
50%
Andreas Reisinger
42%
Gerhard Breitenberger
42%
Hannes Reinmayr
42%
Heinrich Strasser
42%
Heribert Weber
42%
Josef Degeorgi
42%
Karl Koller
42%
Manfred Zsak
42%
Reinhold Hintermaier
42%
Bernd Krauss
33%
Dietmar Kühbauer
33%
Karl Zischek
33%
Manfred Linzmaier
33%
Robert Dienst
33%
Robert Pecl
33%
Robert Sara
33%
Rudolf Szanwald
33%
Willi Kreuz
33%
Anton Pichler
25%
Arnold Wetl
25%
Eduard Krieger
25%
Erich Probst
25%
Ernst Baumeister
25%
Gerald Glatzmayer
25%
Gernot Jurtin
25%
Johann Pregesbauer
25%
Karl Stotz
25%
Markus Schopp
25%
Michael Streiter
25%
Alfred Hörtnagl
17%
Anton Schall
17%
Erich Obermayer
17%
Josef Bican
17%
Josef Smistik
17%
Paul Halla
17%
Peter Platzer
17%
Walter Horak
17%
Walter Kollmann
17%
Ernst Kozlicek
8%
Franz Cisar
8%
Franz Swoboda
8%
Georg Braun
8%
Harald Cerny
8%
Johann Horvath
8%
Johann Urbanek
8%
Leopold Barschandt
8%
Max Hagmayr
8%
Paul Kozlicek
8%
Rudolf Viertl
8%
Walter Schleger
8%
No matching quizzes found
Score Distribution
Percent of People with Each Score
Percentile by Number Answered
Your Score History
You have not taken this quiz